Termodinámica quínmica y de los procesos irreversibles
| Main Authors: | , |
|---|---|
| Format: | Section = Libro |
| Language: | Undetermined Spanish |
| Published: |
España
Addison/Wesley
1988
|
| Subjects: |
| LEADER | 00528nam a2200193Ia 4500 | ||
|---|---|---|---|
| 008 | 240830s9999 xx 000 0 und d | ||
| 020 | |a 84-7829-012-5 | ||
| 040 | |a CEDOC FIQ-RUSB / 541.369 C928 | ||
| 041 | |a spa | ||
| 082 | |a 541.369 C928 | ||
| 100 | 1 | |a Criado Sancho Manuel | |
| 100 | 1 | |b Casas Vázquez, José | |
| 245 | 1 | 0 | |a Termodinámica quínmica y de los procesos irreversibles |
| 260 | |a España |b Addison/Wesley |c 1988 | ||
| 300 | |a 627 p. :il | ||
| 650 | 7 | |a FISICOQUIMICA | |
| 942 | |c BK |2 ddc | ||
| 991 | |a TEXTO | ||
| 999 | |c 13430 | ||